Statická analýza konštrukčných systémov telekomunikačnej veže

Na minha lista:
Detalhes bibliográficos
Autor principal: Šebest, Andrej (Author)
Outros Autores: Ivánková, Oľga (Thesis advisor)
Formato: Manuscrito Livro
Idioma:eslovaco
Publicado em: 2021
Assuntos:
Acesso em linha:http://is.stuba.sk/zp/portal_zp.pl?podrobnosti=149850
https://opac.crzp.sk/?fn=detailBiblioForm&sid=C3156EBF8AB965AD2A29D9C699AC
Tags: Adicionar Tag
Sem tags, seja o primeiro a adicionar uma tag!

MARC

LEADER 00000ntm a22000003a 4500
001 stuzp84944
003 SK-STU
005 20230515135118.3
007 ta
008 150427s2015----xo-----f-mn---000-0-slo-d
040 |a STU  |b slo 
041 0 |a slo 
100 1 |a Šebest, Andrej  |u 010250  |4 aut  |U SvF Stavebná fakulta  |T SvF Katedra stavebnej mechaniky  |X 98224  |U V250  |Y 26  |7 98224 
242 0 1 |a Static analysis of telecommunication tower  |y eng 
245 1 0 |a Statická analýza konštrukčných systémov telekomunikačnej veže 
260 |c 2021 
650 4 |a telekomunikačná veža  |2 slo 
650 4 |a konštrukčný systém  |2 slo 
650 4 |a medzný stav používateľnosti  |2 slo 
650 4 |a statická analýza  |2 slo 
650 4 |a typy stuženia  |2 slo 
650 4 |a metóda konečných prvkov  |2 slo 
650 4 |a telecommunication tower  |2 eng 
650 4 |a static analysis  |2 eng 
650 4 |a construction system  |2 eng 
650 4 |a types of reinforcement  |2 eng 
650 4 |a final element method  |2 eng 
650 4 |a serviceability limit state  |2 eng 
700 1 |a Ivánková, Oľga  |u 010250  |k Z1  |4 ths  |U SvF Stavebná fakulta  |T SvF Katedra stavebnej mechaniky  |X 2736  |U V250  |Y 26  |7 A000002736 
856 4 |u http://is.stuba.sk/zp/portal_zp.pl?podrobnosti=149850 
856 4 |u https://opac.crzp.sk/?fn=detailBiblioForm&sid=C3156EBF8AB965AD2A29D9C699AC